000 00710nam a2200229 a 4500
001 000013155
005 20240530073916.0
008 091120s2005 dr a 000 f spa d
020 _a9945410016
040 _aDO-SdBNP
_bspa
_cBNPHU
082 _aRD863.44
_bV145L, 2005
100 1 _aValdez, Diógenes,
_d1941-
_920511
245 1 0 _aLucinda Palmares /
_cDiógenes Valdez.
260 _aSanto Domingo :
_bLetra gráfica,
_c2005.
300 _a199 p. :
_bil. ;
_c22 cm.
490 1 _aNovelas de siempre
590 _aInventariado, 2020 /LP
650 0 _aNovela dominicana
_9223
650 0 _aLiteratura dominicana.
_967
830 0 _aNovelas de siempre
_928007
910 _aValidado. Control de calidad BNPHU.
999 _c12794
_d12794